Civil engineering drawing (Record no. 79358)

MARC details
000 -LEADER
fixed length control field 00619nam a2200145 a 4500
008 - FIXED-LENGTH DATA ELEMENTS--GENERAL INFORMATION
fixed length control field 120416s1971 ||||||||||||||||| || u
050 ## - LIBRARY OF CONGRESS CALL NUMBER
Classification number T 353 Jud
100 ## - MAIN ENTRY--PERSONAL NAME
Personal name Jude, D. V
245 10 - TITLE STATEMENT
Title Civil engineering drawing
260 ## - PUBLICATION, DISTRIBUTION, ETC.
Place of publication, distribution, etc. London
Name of publisher, distributor, etc. McGraw-Hill
Date of publication, distribution, etc. 1971
300 ## - PHYSICAL DESCRIPTION
Extent vi, 159p. : ill.
350 ## -
-- 0.00
995 ## -
-- MAIN LIBRARY OPEN ACCESS
-- 0.00
-- 716419
-- CBU-MAIN LIBRARY (Kitwe)
-- 2
-- 7.00
-- T 353 Jud
-- 1
-- AVAILABLE
-- 013266
-- Main Library Open Access Collection
995 ## -
-- MAIN LIBRARY OPEN ACCESS
-- 0.00
-- 716418
-- CBU-MAIN LIBRARY (Kitwe)
-- 1
-- 7.00
-- T 353 Jud
-- 1
-- AVAILABLE
-- 013265
-- Main Library Open Access Collection
999 ## -
-- 79358
-- 79358
Holdings
Withdrawn status Lost status Source of classification or shelving scheme Damaged status Not for loan Permanent Location Current Location Shelving location Date acquired Total Checkouts Full call number Barcode Date last seen Copy number Price effective from Koha item type
          CBU-MAIN LIBRARY, KITWE. CBU-MAIN LIBRARY, KITWE.   06/16/2023   T 353 Jud 013266 06/16/2023 1 06/16/2023 MONOGRAPH
          CBU-MAIN LIBRARY, KITWE. CBU-MAIN LIBRARY, KITWE.   06/16/2023   T 353 Jud 013265 06/16/2023 2 06/16/2023 MONOGRAPH